US States by Population-1830 - Statistics

General Stats
  • This quiz has been taken 493 times
  • The average score is 18 of 24
Answer Stats
Population State % Correct
1,918,608 New York
100%
1,348,233 Pennsylvania
92%
1,044,054 Virginia
90%
937,903 Ohio
86%
737,987 North Carolina
84%
687,917 Kentucky
81%
681,904 Tennessee
79%
581,185 South Carolina
78%
516,823 Georgia
75%
447,040 Maryland
75%
610,408 Massachusetts
73%
297,675 Connecticut
70%
76,748 Delaware
70%
280,652 Vermont
70%
309,527 Alabama
68%
269,328 New Hampshire
68%
343,031 Indiana
67%
399,455 Maine
67%
320,823 New Jersey
65%
97,199 Rhode Island
65%
157,445 Illinois
62%
136,621 Mississippi
62%
215,739 Louisiana
60%
140,455 Missouri
54%
No matching quizzes found
Score Distribution
Percent of People with Each Score
Percentile by Number Answered
Your Score History
You have not taken this quiz